[Event "Nordea Cup-D"]
[Site "Hillerod"]
[Date "2013.05.07"]
[Round "2"]
[White "Lund, Kirsten"]
[Black "Sorensen, Viggo"]
[Result "0-1"]
[WhiteElo "1378"]
[BlackElo "1486"]
[PlyCount "56"]
[EventDate "2013.04.30"]
[EventType "tourn"]
[EventRounds "7"]
[EventCountry "DEN"]
[SourceTitle "EXT 2023"]
[Source "ChessBase"]
[SourceDate "2022.10.05"]
[SourceVersion "1"]
[SourceVersionDate "2022.10.05"]
[SourceQuality "1"]

1. d4 e6 2. c4 f5 3. Nf3 Nf6 4. Bg5 Be7 5. Qc2 0-0 6. a3 b6 7. Nbd2 Bb7 8. Bxf6 Bxf6 9. e3 c5 10. dxc5 bxc5 11. Be2 Nc6 12. 0-0 Qc7 13. Rad1 Rad8 14. Rfe1 Kh8 15. Bd3 Ne5 16. e4 Nxd3 17. Qxd3 fxe4 18. Nxe4 Bxb2 19. Nfg5 g6 20. Nxh7 Kxh7 21. Qh3+ Kg7 22. Ng5 Rh8 23. Qg3 Qxg3 24. fxg3 a5 25. Rf1 Rhf8 26. Rxf8 Rxf8 27. Rxd7+ Kh6 28. Rxb7 Bd4+ 0-1

[Event "Nordea Cup-D"]
[Site "Hillerod"]
[Date "2013.04.30"]
[Round "1"]
[White "Lund, Kirsten"]
[Black "Sorensen, Bernhard"]
[Result "0-1"]
[WhiteElo "1378"]
[BlackElo "1429"]
[PlyCount "94"]
[EventDate "2013.04.30"]
[EventType "tourn"]
[EventRounds "7"]
[EventCountry "DEN"]
[SourceTitle "EXT 2023"]
[Source "ChessBase"]
[SourceDate "2022.10.05"]
[SourceVersion "1"]
[SourceVersionDate "2022.10.05"]
[SourceQuality "1"]

1. d4 e6 2. c4 f5 3. Nf3 Nf6 4. a3 d5 5. e3 c6 6. Bd2 Ne4 7. Ne5 Qg5 8. Nf3 Qf6 9. Nc3 Nxd2 10. Qxd2 Nd7 11. cxd5 exd5 12. Qc2 Bd6 13. Bd3 0-0 14. Ne2 g6 15. h4 h6 16. 0-0-0 Kg7 17. h5 g5 18. Nd2 Qe6 19. Rde1 Nf6 20. Nc3 Ne4 21. Rhf1 g4 22. Ne2 Qf7 23. f3 Ng3 24. Nxg3 Bxg3 25. Rd1 Qxh5 26. Rh1 Qg5 27. f4 Qe7 28. Nf1 Bh4 29. g3 Bxg3 30. Nxg3 Qxe3+ 31. Qd2 Qxg3 32. Rh5 Bd7 33. Rdh1 Rf6 34. R5h2 Re8 35. Rg2 Qe3 36. Qxe3 Rxe3 37. Kd2 Rf3 38. Re2 Re6 39. Re5 Rxe5 40. fxe5 Rf2+ 41. Be2 f4 42. Ke1 g3 43. Rh4 Kg6 44. Bh5+ Kg7 45. Bd1 Rxb2 46. Rxf4 g2 47. Rf1 gxf1Q+ 0-1

[Event "DEN-ch Rapid (Women)"]
[Site "Middelfart"]
[Date "2012.09.29"]
[Round "2"]
[White "Lund, Kirsten"]
[Black "Morling, Aase"]
[Result "1-0"]
[WhiteElo "1043"]
[BlackElo "1305"]
[PlyCount "91"]
[EventDate "2012.09.29"]
[EventType "swiss (rapid)"]
[EventRounds "6"]
[EventCountry "DEN"]
[SourceTitle "EXT 2023"]
[Source "ChessBase"]
[SourceDate "2022.10.05"]
[SourceVersion "1"]
[SourceVersionDate "2022.10.05"]
[SourceQuality "1"]

1. d4 Nf6 2. c4 e6 3. Nc3 Bb4 4. Bd2 Bxc3 5. Bxc3 Ne4 6. Qc2 Nxc3 7. Qxc3 0-0 8. e3 b6 9. Bd3 Bb7 10. e4 d6 11. Ne2 Nd7 12. 0-0 e5 13. d5 Nc5 14. Bc2 c6 15. b4 Nd7 16. Qd3 Nf6 17. Ng3 c5 18. b5 a6 19. a4 axb5 20. cxb5 Qc7 21. Rac1 Qd7 22. Nf5 Nh5 23. Qf3 g6 24. Qg4 Kh8 25. Qg5 Ng7 26. Nh6 Qd8 27. Qg3 Qf6 28. Ng4 Qd8 29. f4 Nh5 30. Qf3 Nxf4 31. g3 Nh3+ 32. Kg2 Ng5 33. Qe3 Bc8 34. Nf6 h6 35. g4 Nh7 36. Qxh6 Qxf6 37. Rxf6 Bxg4 38. Rcf1 Ra7 39. Rxd6 Be2 40. Rf2 Bh5 41. Rxb6 Kg8 42. Rc6 Nf6 43. Rcxf6 Re7 44. Qg5 Kg7 45. Rxg6+ Bxg6 46. Qxe7 1-0

[Event "DEN-ch Rapid (Women)"]
[Site "Middelfart"]
[Date "2012.09.29"]
[Round "1"]
[White "Nicolajsen, Thea"]
[Black "Lund, Kirsten"]
[Result "1-0"]
[WhiteElo "1718"]
[BlackElo "1043"]
[PlyCount "55"]
[EventDate "2012.09.29"]
[EventType "swiss (rapid)"]
[EventRounds "6"]
[EventCountry "DEN"]
[SourceTitle "EXT 2023"]
[Source "ChessBase"]
[SourceDate "2022.10.05"]
[SourceVersion "1"]
[SourceVersionDate "2022.10.05"]
[SourceQuality "1"]

1. d4 d5 2. c4 dxc4 3. e3 Nf6 4. Bxc4 e6 5. Nc3 Bb4 6. Bd2 Nc6 7. a3 Bxc3 8. Bxc3 Bd7 9. Nf3 Ne4 10. 0-0 0-0 11. Qc2 Nd6 12. Bd3 Nf5 13. e4 Nh6 14. Bd2 Qf6 15. e5 Qe7 16. Bg5 f6 17. exf6 Rxf6 18. Rad1 Qf7 19. Bxf6 Qxf6 20. Bxh7+ Kh8 21. Ne5 Rd8 22. f4 Nf5 23. Bxf5 exf5 24. Rf3 Be8 25. Rh3+ Kg8 26. Qb3+ Bf7 27. Nxf7 Qxf7 28. Rh8+ 1-0